Practical guide for socio-economic livelihood, land tenure and rights surveys for use in collaborative ecosystem-based land use planning (Registro nro. 8198)
[ vista simple ]
| 000 -CABECERA | |
|---|---|
| Campo de control | 01052nam a22002177a 4500 |
| 005 - FECHA Y HORA DE LA ULTIMA TRANSACCION | |
| Campo de control | 20140303114336.0 |
| 008 - ELEMENTOS DE LONGITUD FIJA—INFORMACION GENERAL | |
| Campo de control | 140303t2012 io abd grf 00| 0 eng d |
| 020 ## - ISBN | |
| ISBN | 9786028693899 |
| 041 ## - IDIOMA | |
| Código de idioma para texto/pista de sonido o título separado | Inglés |
| 082 ## - NUMERO DE CLASIFICACION DECIMAL DEWEY | |
| Número de clasificación | 333.7316 |
| Número del ítem | C56p |
| 110 2# - ASIENTO PRINCIPAL--NOMBRE CORPORATIVO | |
| Nombre corporativo o de jurisdicción como elemento de entrada | Center for International Forestry Research |
| 242 ## - TRADUCCION DEL TITULO POR LA AGENCIA CATALOGADORA | |
| Título | Guía practica para el sustento socio-económico, permanencia en la tierra y encuentas sobre derechos para uso colaborativo en ecosistemas basados en el uso y planeamiento de la tierra |
| Mención de responsabilidad | Center for International Forestry Research |
| Código de idioma del título traducido | spa |
| 245 ## - MENCION DE TITULO | |
| Título | Practical guide for socio-economic livelihood, land tenure and rights surveys for use in collaborative ecosystem-based land use planning |
| Mención de responsabilidad | Center for International Forestry Research |
| 260 ## - PUBLICACION, DISTRIBUCION, ETC. (PIE DE IMPRENTA) | |
| Lugar de publicación, distribución, etc. | Bogor |
| Nombre del editor, distribuidor, etc. | Center for International Forestry Research |
| Fecha de publicación, distribución, etc. | 2012 |
| 300 ## - DESCRIPCION FISICA | |
| Extensión | 92 p. |
| Otros detalles físicos | il., tablas, mapas |
| Dimensiones | 25 cm |
| 504 ## - NOTA DE BIBLIOGRAFIA, ETC. | |
| Nota de bibliografía | Incluye bibliografía (páginas 91 y 92) |
| 650 #4 - ASIENTO SECUNDARIO DE MATERIA - TERMINO TEMATICO | |
| Término temático o nombre geográfico como elemento de entrada | Encuestas |
| Subdivisión de forma | Guía |
| Subdivisión general | Uso de la Tierra |
| 710 2# - ASIENTO SECUNDARIO - NOMBRE CORPORATIVO | |
| Nombre corporativo o de jurisdicción como elemento de entrada | CIRAD |
| 710 2# - ASIENTO SECUNDARIO - NOMBRE CORPORATIVO | |
| Nombre corporativo o de jurisdicción como elemento de entrada | EFECA |
| 942 ## - ELEMENTOS ADICIONALES (KOHA) | |
| Sistema de clasificación | Dewey Decimal Classification |
| Tipo de ítem | Impreso |
| Withdrawn status | Lost status | Sistema de Clasificación | Damaged status | No para préstamo | Colección | Inventariado | Ubicación Permanente | Ubicación actual | Fecha de adquisición | Fuente de Valor | Valor | Total Checkouts | Número topográfico | Inventario / Código de Barras | Date last seen | Ejemplar | Price effective from | Forma de adquisición | Tipo de material |
|---|---|---|---|---|---|---|---|---|---|---|---|---|---|---|---|---|---|---|---|
| Dewey Decimal Classification | General | Inventariado 2017 | Bogotá | Bogotá | 03/03/2014 | Instituto | 39000.00 | LB-333.7316 C56p | 034038 | 03/03/2014 | Ej. 1 | 03/03/2014 | Libro |